000
00315nam a22001217a 4500
008
260601b |||||||| |||| 00| 0 eng d
082
_a
001843
100
_a
Nagasampige, A V
245
_a
Laghuramayanam of Sri Krishna
260
_a
Bangalore
_b
Poornaprajna Samshodhana Mandiram
_c
2003
300
_a
40p
942
_2
ddc
999
_c
1511
_d
1511